000 00836nam a22002657a 4500
005 20240305165404.0
007 cr|||| ||||
008 130222e2011 sp |||||s|||| 00||0 spa d
020 _a978-607-7620-80-8
035 _a7073
040 _avLex
090 _c3733
_d3733
100 1 0 _aAyala Brito, Gamaliel
245 1 0 _aFinanzas bursátiles
_h[Recurso electrónico]
256 _aServicio en línea
260 _aMéxico D.F :
_bInstituto Mexicano de Contadores Públicos,
_c2011
300 _a1 Recurso electrónico
650 0 4 _aBolsa y finanzas
_zMéxico
650 0 4 _aDerecho cambiario y bursátil
_zMéxico
650 0 4 _aEconomía
_zMéxico
700 1 0 _aBecerril Sánchez, Betel
740 _avLex Libros (Servicio en línea)
856 _aAcceso restringido
_uhttp://www.vlex.com/source/7073
942 _cRAA
999 _c162115
_d162115